Normal view
MARC view
- تصحيح الكتب -صنع الفهارس
Entry Topical Term
001 - CONTROL NUMBER
- control field: 40578
003 - CONTROL NUMBER IDENTIFIER
- control field: JO-AjAnu
005 - DATE AND TIME OF LATEST TRANSACTION
- control field: 20230606080735.0
008 - FIXED-LENGTH DATA ELEMENTS
- fixed length control field: 230606|| aca||aabn | a|a d
040 ## - CATALOGING SOURCE
- Original cataloging agency: JO-AjAnu
- Transcribing agency: JO-AjAnu
150 ## - HEADING--TOPICAL TERM
- Topical term or geographic name entry element: تصحيح الكتب -صنع الفهارس
670 ## - SOURCE DATA FOUND
- Source citation: Work cat.: (JO-AjAnu)20800: شاكر، الشيخ احمد , author 40577, تصحيح الكتب وصنع الفهارس المعجمة وكيفية ضبط الكتاب وسبق المسلمين الافرنج في ذلك